Carta con fecha 31 de julio de 1932 al beatísimo Padre

Síntesis: El expediente contiene una carta enviada al Papa Pio XI, en donde le exponen las últimas declaraciones del Delegado Apostólico, pensando que son perjudiciales para la causa. otros puntos tratados en el expediente son: Escrito a Leopoldo Lara, Obpo. de Durango y una copia de las últimas dec...

Полное описание

Сохранить в:
Библиографические подробности
Главный автор: Rodarte F., Fernando (autor)
Формат:
Серии:1926
Предметы:
Метки: Добавить метку
Нет меток, Требуется 1-ая метка записи!

MARC

LEADER 00000nam^a2200000^a^4500
001 000249310
005 20250526000000.0
009 20260310105722.931
035 |a R00171 
037 |a Acervo Xavier Clavigero 
082 |a 10. 1  |b ROD 
100 |a Rodarte F., Fernando  |e (autor) 
245 1 0 |a Carta con fecha 31 de julio de 1932 al beatísimo Padre 
264 |a México :  |b Destinatario: Pío XI, Papa,,  |c 1922-1939 
300 |a 2 fojas, mcs/cop. 21.3 X 28 cm. 
336 |a texto  |b txt  |2 rdacontenido 
337 |a sin mediación  |b n  |2 rdamedio 
338 |a volumen  |b nc  |2 rdasoporte 
440 |a 1926 
520 |a Síntesis: El expediente contiene una carta enviada al Papa Pio XI, en donde le exponen las últimas declaraciones del Delegado Apostólico, pensando que son perjudiciales para la causa. otros puntos tratados en el expediente son: Escrito a Leopoldo Lara, Obpo. de Durango y una copia de las últimas declaraciones del Arz. Ruíz y Flores. 
598 |a Expediente 
598 |a En la biblioteca del ILFC, Guadalajara 
649 |a XX 
650 |a * Obispos -  |x Correspondencia, memorias, etc 
650 |a * Papas 
650 |a * Prensa 
650 |a * Valderrama, J. 
650 |a * Miranda, José Ignacio 
650 |a * Ruiz y Flores, Leopoldo 
650 |a * Rodarte F., Fernando 
650 |a * Lara, Enrique L. de 
650 |a Cuevas, Mariano 
650 |a * Alcántara, Josefino 
650 |a Díaz y Barreto, Pascual 
650 |a * Requeo, Luis 
740 0 |a Carta con fecha 31 de julio de 1932 al Sr. Dr. Dn. Leopoldo Lara 
740 0 |a Declaración terminante del Señor Delegado Apostólico en México 
910 |a Fondo Jesús Gómez Fregoso S.J. FXC 
920 |a Impresos - Documentos 
930 |a Libros Antiguos y Raros 
940 |a Guerra Cristera 
905 |a 110 
901 |a R00171  |b IT2  |c LRA  |i R00171  |u 20250526 
902 |a https://opac.biblio.iteso.mx/vufind/Record/000249310